| 000 | 01084cab a2200205 4500 | ||
|---|---|---|---|
| 001 | L136161 | ||
| 008 | 070115n2006 000 0 eng u | ||
| 035 | _a(Sirsi) u136161 | ||
| 041 | 0 | _aeng | |
| 050 | 0 | 4 | _a711.1 $2 18 |
| 110 | 1 |
_aUnited Kingdom _bParliament _bHouse of Commons _92119 |
|
| 245 | 0 | 0 |
_aSustainable Communities Bill 2006/07 _h[electronic resource] |
| 260 |
_aLondon _bUK Parliament _c2006 |
||
| 520 | _aPromotes the sustainability of local communities through reviving local economic activity, protecting the local environment, decreasing the number of households affected by social exclusion and poverty, increasing participation in civic and political activity and the prudent use of natural resources. | ||
| 650 | 2 | 4 | _aSUSTAINABLE COMMUNITIES BILL 2006 |
| 651 | 4 |
_aEngland and Wales _y1543- |
|
| 690 | _aENVIRONMENTAL AND LAND CONSULTANCY-PLANNING AND DEVELOPMENT-PLANNING GUIDANCE | ||
| 856 | 4 | 0 |
_uhttps://www.publications.parliament.uk/pa/pabills/200607/sustainable_communities.htm _zView the Bill free of charge at www.publications.parliament.uk... |
| 942 | _n0 | ||
| 999 |
_c78160 _d78160 |
||